[Event "RUS-chT Rapid Men 2018"]
[Site "Sochi"]
[Date "2018.10.08"]
[Round "2"]
[White "Kretov, Evgenij"]
[Black "Zhakamukhov, Eduard"]
[Result "1-0"]
[WhiteElo "2219"]
[BlackElo "2068"]
[Annotator "NA"]
[PlyCount "95"]
[EventDate "2018.10.05"]
[EventType "swiss"]
[EventCountry "RUS"]
[SourceTitle "playchess.com"]
[Source "ChessBase"]
[SourceQuality "1"]
[TimeControl "900+10"]

1. d4 {[%emt 0:00:00]} Nf6 {[%emt 0:00:00]} 2. c4 {[%emt 0:00:00]} g6 {[%emt 0:00:00]} 3. Nc3 {[%emt 0:00:00]} Bg7 {[%emt 0:00:00]} 4. e4 {[%emt 0:00:00]} d6 {[%emt 0:00:00]} 5. Be2 {[%emt 0:00:00]} O-O {[%emt 0:00:00]} 6. Bg5 {[%emt 0:00:00]} h6 {[%emt 0:00:00]} 7. Be3 {[%emt 0:00:00]} e5 {[%emt 0:00:00]} 8. d5 {[%emt 0:00:00]} a5 {[%emt 0:00:00]} 9. Qd2 {[%emt 0:00:06]} Kh7 {[%emt 0:00:00]} 10. O-O-O {[%emt 0:00:39]} Na6 {[%emt 0:00:41]} 11. h4 {[%emt 0:00:23]} Nc5 {[%emt 0:00:29]} 12. f3 {[%emt 0:00:04]} Nh5 {[%emt 0:00:43]} 13. g4 {[%emt 0:00:10]} Ng3 {[%emt 0:00:34]} 14. Rh3 {[%emt 0:00:22]} Nxe2+ {[%emt 0:00:59]} 15. Ngxe2 {[%emt 0:00:02]} f5 {[%emt 0:01:04]} 16. h5 {[%emt 0:00:09]} f4 {[%emt 0:02:03]} 17. hxg6+ {[%emt 0:00:34]} Kxg6 {[%emt 0:00:01]} 18. Bf2 {[%emt 0:00:39]} Bf6 {[%emt 0:00:41]} 19. Kc2 {[%emt 0:00:40]} Bd7 {[%emt 0:01:24]} 20. Nc1 {[%emt 0:00:31]} Na4 {[%emt 0:01:57]} 21. Nd3 {[%emt 0:01:19]} Nxc3 {[%emt 0:02:04]} 22. Qxc3 {[%emt 0:00:04]} b5 {[%emt 0:00:12]} 23. Kd2 {[%emt 0:02:49]} c5 {[%emt 0:01:04]} 24. dxc6 {[%emt 0:00:38]} Bxc6 {[%emt 0:00:10]} 25. c5 {[%emt 0:00:27]} b4 {[%emt 0:01:08]} 26. Qc2 {[%emt 0:00:09]} Kg7 {[%emt 0:01:33]} 27. cxd6 {[%emt 0:00:42]} Rc8 {[%emt 0:00:58]} 28. Rc1 {[%emt 0:02:06]} Bb7 {[%emt 0:01:12]} 29. Bc5 {[%emt 0:00:47]} Rf7 {[%emt 0:00:28]} 30. Qc4 {[%emt 0:00:18]} Rc6 {[%emt 0:00:14]} 31. Rch1 {[%emt 0:00:25]} Bg5 {[%emt 0:00:16]} 32. Qe6 {[%emt 0:00:36]} Rf6 {[%emt 0:00:07]} 33. Qxe5 {[%emt 0:00:15]} Ba6 {[%emt 0:00:07]} 34. Rc1 {[%emt 0:01:03]} Bxd3 {[%emt 0:00:15]} 35. Kxd3 {[%emt 0:00:01]} Kg6 {[%emt 0:00:11]} 36. Rhh1 {[%emt 0:01:00]} Qd7 {[%emt 0:00:12]} 37. Ke2 {[%emt 0:00:18]} Rc8 {[%emt 0:00:04]} 38. Bd4 {[%emt 0:00:16]} Rxc1 {[%emt 0:00:12]} 39. Rxc1 {[%emt 0:00:02]} Rxd6 {[%emt 0:00:04]} 40. Qf5+ {[%emt 0:00:11]} Qxf5 {[%emt 0:00:01]} 41. gxf5+ {[%emt 0:00:04]} Kf7 {[%emt 0:00:09]} 42. Rc7+ {[%emt 0:00:01]} Ke8 {[%emt 0:00:06]} 43. Bc5 {[%emt 0:00:08]} Rd7 {[%emt 0:00:09]} 44. Rc8+ {[%emt 0:00:07]} Kf7 {[%emt 0:00:10]} 45. e5 {[%emt 0:00:31]} Rd5 {[%emt 0:00:08]} 46. Bd6 {[%emt 0:00:40]} Bf6 {[%emt 0:00:31]} 47. Rf8+ {[%emt 0:00:02]} Kg7 {[%emt 0:00:02]} 48. Rxf6 {[%emt 0:00:01]} 1-0

[Event "RUS-chT Rapid Men 2018"]
[Site "Sochi"]
[Date "2018.10.08"]
[Round "2"]
[White "Shkurkin, Andrey"]
[Black "Kuzmin, Roman"]
[Result "1-0"]
[WhiteElo "2201"]
[BlackElo "2127"]
[Annotator "NA"]
[PlyCount "41"]
[EventDate "2018.10.05"]
[EventType "swiss"]
[EventCountry "RUS"]
[SourceTitle "playchess.com"]
[Source "ChessBase"]
[SourceQuality "1"]
[TimeControl "900+10"]

1. d4 {[%emt 0:00:00]} Nf6 {[%emt 0:00:00]} 2. c4 {[%emt 0:00:00]} g6 {[%emt 0:00:00]} 3. Nc3 {[%emt 0:00:00]} d5 {[%emt 0:00:00]} 4. Nf3 {[%emt 0:00:00]} Bg7 {[%emt 0:00:00]} 5. cxd5 {[%emt 0:00:02]} Nxd5 {[%emt 0:00:00]} 6. Bg5 {[%emt 0:00:02]} O-O {[%emt 0:00:29]} 7. Rc1 {[%emt 0:00:37]} Nxc3 {[%emt 0:01:00]} 8. bxc3 {[%emt 0:00:22]} c5 {[%emt 0:01:05]} 9. e3 {[%emt 0:00:07]} cxd4 {[%emt 0:00:14]} 10. cxd4 {[%emt 0:00:23]} Bg4 {[%emt 0:00:03]} 11. Bh4 {[%emt 0:00:31]} Qa5+ {[%emt 0:00:35]} 12. Qd2 {[%emt 0:00:35]} Qh5 {[%emt 0:00:05]} 13. Bxe7 {[%emt 0:04:59]} Re8 {[%emt 0:00:04]} 14. Rc5 {[%emt 0:01:37]} f5 {[%emt 0:01:20]} 15. Bc4+ {[%emt 0:00:26]} Kh8 {[%emt 0:00:01]} 16. Ne5 {[%emt 0:01:58]} Bxe5 {[%emt 0:09:15]} 17. dxe5 {[%emt 0:00:54]} Rf8 {[%emt 0:02:48]} 18. Bf6+ {[%emt 0:00:23]} Rxf6 {[%emt 0:00:06]} 19. Qd8+ {[%emt 0:00:02]} Kg7 {[%emt 0:00:07]} 20. Qxf6+ {[%emt 0:00:12]} Kh6 {[%emt 0:00:02]} 21. Qf8+ {[%emt 0:00:09]} 1-0

[Event "RUS-chT Rapid Men 2018"]
[Site "Sochi"]
[Date "2018.10.08"]
[Round "2"]
[White "Okun, Evgeny"]
[Black "Terzyan, Nazar"]
[Result "1/2-1/2"]
[WhiteElo "2163"]
[BlackElo "1757"]
[Annotator "NA"]
[PlyCount "89"]
[EventDate "2018.10.05"]
[EventType "swiss"]
[EventCountry "RUS"]
[SourceTitle "playchess.com"]
[Source "ChessBase"]
[SourceQuality "1"]
[TimeControl "900+10"]

1. g3 {[%emt 0:00:00]} Nf6 {[%emt 0:00:00]} 2. Bg2 {[%emt 0:00:00]} d5 {[%emt 0:00:00]} 3. f4 {[%emt 0:00:00]} e6 {[%emt 0:00:10]} 4. Nf3 {[%emt 0:00:00]} Bd6 {[%emt 0:00:06]} 5. d3 {[%emt 0:00:00]} b6 {[%emt 0:00:02]} 6. O-O {[%emt 0:01:55]} Nbd7 {[%emt 0:00:06]} 7. e4 {[%emt 0:00:49]} dxe4 {[%emt 0:00:19]} 8. dxe4 {[%emt 0:00:19]} Bc5+ {[%emt 0:01:05]} 9. Kh1 {[%emt 0:00:02]} Nxe4 {[%emt 0:00:02]} 10. Ng5 {[%emt 0:00:34]} Nxg5 {[%emt 0:01:06]} 11. Bxa8 {[%emt 0:00:02]} Nh3 {[%emt 0:00:26]} 12. Kg2 {[%emt 0:01:34]} Ba6 {[%emt 0:00:08]} 13. Bc6 {[%emt 0:00:32]} Bxf1+ {[%emt 0:00:03]} 14. Qxf1 {[%emt 0:01:27]} Nf2 {[%emt 0:07:59]} 15. b4 {[%emt 0:00:29]} Qf6 {[%emt 0:01:14]} 16. c3 {[%emt 0:04:30]} Bxb4 {[%emt 0:00:53]} 17. Qb5 {[%emt 0:04:04]} O-O {[%emt 0:00:28]} 18. Bxd7 {[%emt 0:00:50]} Bxc3 {[%emt 0:00:17]} 19. Nxc3 {[%emt 0:00:17]} Qxc3 {[%emt 0:00:02]} 20. Qb2 {[%emt 0:00:18]} Qc5 {[%emt 0:00:53]} 21. Qxf2 {[%emt 0:00:21]} Qd5+ {[%emt 0:00:02]} 22. Kg1 {[%emt 0:00:12]} Qd1+ {[%emt 0:00:06]} 23. Kg2 {[%emt 0:00:03]} Qd5+ {[%emt 0:00:02]} 24. Qf3 {[%emt 0:00:19]} Qxd7 {[%emt 0:00:02]} 25. Bb2 {[%emt 0:00:11]} Qd2+ {[%emt 0:00:11]} 26. Qf2 {[%emt 0:00:02]} Rd8 {[%emt 0:00:01]} 27. Rf1 {[%emt 0:00:07]} Qd5+ {[%emt 0:00:03]} 28. Qf3 {[%emt 0:00:01]} Qxa2 29. Rf2 {[%emt 0:00:01]} Qc4 {[%emt 0:00:34]} 30. Qg4 {[%emt 0:00:22]} Qe4+ {[%emt 0:00:15]} 31. Kg1 {[%emt 0:00:24]} Qb1+ {[%emt 0:00:13]} 32. Kg2 {[%emt 0:00:01]} Qe4+ {[%emt 0:00:01]} 33. Kg1 {[%emt 0:00:02]} Qb1+ {[%emt 0:00:04]} 34. Kg2 {[%emt 0:00:00]} Qe4+ {[%emt 0:00:12]} 35. Kh3 {[%emt 0:00:33]} g6 {[%emt 0:00:52]} 36. Qf3 {[%emt 0:00:12]} Qf5+ {[%emt 0:00:08]} 37. Kg2 {[%emt 0:00:05]} f6 {[%emt 0:00:08]} 38. Qc3 {[%emt 0:00:09]} Qe4+ {[%emt 0:00:28]} 39. Kh3 {[%emt 0:00:02]} Qf5+ {[%emt 0:00:07]} 40. Kg2 {[%emt 0:00:01]} Qe4+ {[%emt 0:00:00]} 41. Rf3 {[%emt 0:00:22]} Qe2+ {[%emt 0:00:04]} 42. Rf2 {[%emt 0:00:11]} Qe4+ {[%emt 0:00:01]} 43. Qf3 {[%emt 0:00:07]} Qxf3+ {[%emt 0:00:53]} 44. Kxf3 {[%emt 0:00:02]} Kf7 {[%emt 0:00:01]} 45. Ke4 {[%emt 0:00:11]} 1/2-1/2

[Event "RUS-chT Rapid Men 2018"]
[Site "Sochi"]
[Date "2018.10.08"]
[Round "2"]
[White "Garifullina, Leya"]
[Black "Shariyazdanov, Andrey"]
[Result "1-0"]
[WhiteElo "2106"]
[BlackElo "2526"]
[Annotator "ChessBase"]
[PlyCount "71"]
[EventDate "2018.10.05"]
[EventType "swiss"]
[EventCountry "RUS"]
[SourceTitle "playchess.com"]
[Source "ChessBase"]
[SourceQuality "1"]
[TimeControl "900+10"]

1. e4 {[%emt 0:00:00]} g6 {[%emt 0:00:00]} 2. d4 {[%emt 0:00:00]} Bg7 {[%emt 0:00:00]} 3. Nc3 {[%emt 0:00:00]} d6 {[%emt 0:00:00]} 4. Be3 {[%emt 0:00:00]} Nd7 {[%emt 0:00:00]} 5. h4 {[%emt 0:00:09]} Ngf6 {[%emt 0:00:07]} 6. f3 {[%emt 0:00:14]} e5 {[%emt 0:00:15]} 7. d5 {[%emt 0:00:08]} Nh5 {[%emt 0:00:52]} 8. Nge2 {[%emt 0:00:16]} f5 {[%emt 0:00:06]} 9. Qd2 {[%emt 0:00:30]} Ndf6 {[%emt 0:00:29]} 10. exf5 {[%emt 0:00:27]} gxf5 {[%emt 0:00:02]} 11. O-O-O {[%emt 0:00:04]} f4 {[%emt 0:00:32]} 12. Bf2 {[%emt 0:00:11]} Bf5 {[%emt 0:00:01]} 13. g4 {[%emt 0:00:38]} fxg3 {[%emt 0:00:06]} 14. Nxg3 {[%emt 0:00:03]} Nxg3 {[%emt 0:00:18]} 15. Bxg3 {[%emt 0:00:01]} Nh5 {[%emt 0:00:02]} 16. Bf2 {[%emt 0:00:32]} Qf6 {[%emt 0:00:10]} 17. Bb5+ {[%emt 0:00:20]} Kf7 {[%emt 0:02:52]} 18. Be3 {[%emt 0:00:56]} Nf4 {[%emt 0:00:11]} 19. Ne4 {[%emt 0:00:55]} Bxe4 {[%emt 0:00:02]} 20. fxe4 {[%emt 0:00:02]} Bh6 {[%emt 0:00:31]} 21. Kb1 {[%emt 0:00:30]} a6 {[%emt 0:00:16]} 22. Bd7 {[%emt 0:00:09]} Ke7 {[%emt 0:00:10]} 23. Bf5 {[%emt 0:00:07]} Rag8 {[%emt 0:00:17]} 24. Qc3 {[%emt 0:00:12]} Kd8 {[%emt 0:00:02]} 25. Qb3 {[%emt 0:00:01]} b6 {[%emt 0:00:14]} 26. Qc4 {[%emt 0:00:21]} Rg3 {[%emt 0:02:26]} 27. Bc1 {[%emt 0:00:11]} a5 {[%emt 0:03:21]} 28. Qa6 {[%emt 0:00:11]} Ke8 {[%emt 0:00:14]} 29. Qb5+ {[%emt 0:01:15]} Kf7 {[%emt 0:00:23]} 30. Rhg1 {[%emt 0:01:37]} Rxg1 {[%emt 0:00:19]} 31. Rxg1 {[%emt 0:00:02]} Qe7 {[%emt 0:00:29]} 32. Bxf4 {[%emt 0:01:19]} Bxf4 {[%emt 0:01:46]} 33. Be6+ {[%emt 0:00:01]} Kf6 {[%emt 0:00:22]} 34. Qc4 {[%emt 0:00:38]} Qd8 {[%emt 0:01:24]} 35. Qc3 {[%emt 0:00:25]} Re8 {[%emt 0:00:10]} 36. Qh3 {[%emt 0:00:10]} 1-0

[Event "RUS-chT Rapid Men 2018"]
[Site "Sochi"]
[Date "2018.10.08"]
[Round "2"]
[White "Grigoriants, Boris"]
[Black "Riazhskih, Vitaly"]
[Result "0-1"]
[WhiteElo "1914"]
[BlackElo "2165"]
[Annotator "NA"]
[PlyCount "70"]
[EventDate "2018.10.05"]
[EventType "swiss"]
[EventCountry "RUS"]
[SourceTitle "playchess.com"]
[Source "ChessBase"]
[SourceQuality "1"]
[TimeControl "900+10"]

1. e4 {[%emt 0:00:00]} c5 {[%emt 0:00:00]} 2. Nf3 {[%emt 0:00:00]} e6 {[%emt 0:00:00]} 3. d3 {[%emt 0:00:00]} Nc6 {[%emt 0:00:03]} 4. Nbd2 {[%emt 0:00:00]} g6 {[%emt 0:00:02]} 5. g3 {[%emt 0:00:00]} Bg7 {[%emt 0:00:02]} 6. Bg2 {[%emt 0:00:00]} Nge7 {[%emt 0:00:03]} 7. O-O {[%emt 0:00:02]} O-O {[%emt 0:00:03]} 8. c3 {[%emt 0:00:36]} d6 {[%emt 0:00:13]} 9. a4 Rb8 {[%emt 0:00:04]} 10. Nb3 {[%emt 0:00:43]} b6 {[%emt 0:01:02]} 11. d4 {[%emt 0:00:22]} cxd4 {[%emt 0:00:11]} 12. Nbxd4 {[%emt 0:00:55]} Bb7 {[%emt 0:00:19]} 13. Re1 {[%emt 0:03:15]} a6 {[%emt 0:00:45]} 14. Bg5 {[%emt 0:00:52]} Nxd4 {[%emt 0:00:21]} 15. Nxd4 {[%emt 0:00:21]} h6 {[%emt 0:00:01]} 16. Be3 {[%emt 0:00:41]} e5 {[%emt 0:00:25]} 17. Nc2 {[%emt 0:00:16]} d5 {[%emt 0:00:02]} 18. Qd2 {[%emt 0:00:51]} dxe4 {[%emt 0:01:29]} 19. Bxh6 {[%emt 0:02:52]} Qxd2 {[%emt 0:00:53]} 20. Bxd2 {[%emt 0:00:01]} f5 {[%emt 0:00:40]} 21. c4 {[%emt 0:04:32]} Nc6 {[%emt 0:01:03]} 22. a5 {[%emt 0:01:29]} bxa5 {[%emt 0:00:54]} 23. Bxa5 {[%emt 0:00:22]} Nxa5 {[%emt 0:01:30]} 24. Rxa5 {[%emt 0:00:01]} Rfd8 {[%emt 0:00:04]} 25. Nb4 {[%emt 0:00:28]} Rd2 {[%emt 0:01:33]} 26. b3 {[%emt 0:00:25]} e3 {[%emt 0:01:17]} 27. Rxe3 {[%emt 0:00:11]} Bxg2 {[%emt 0:00:09]} 28. Kxg2 {[%emt 0:00:01]} Rxb4 {[%emt 0:00:02]} 29. Rxa6 {[%emt 0:00:00]} e4 {[%emt 0:00:15]} 30. Rxg6 {[%emt 0:00:04]} Kf7 {[%emt 0:00:03]} 31. Ra6 {[%emt 0:00:12]} Bd4 {[%emt 0:00:06]} 32. Re1 {[%emt 0:00:12]} Rxf2+ {[%emt 0:00:07]} 33. Kh3 {[%emt 0:00:02]} Rb8 {[%emt 0:00:13]} 34. Rh6 {[%emt 0:00:09]} Rxb3 {[%emt 0:00:12]} 35. Rd1 {[%emt 0:00:01]} Rbb2 {[%emt 0:00:07]} 0-1

[Event "RUS-chT Rapid Men 2018"]
[Site "Sochi"]
[Date "2018.10.08"]
[Round "2"]
[White "Babayan, Arman S."]
[Black "Kostin, Alexey"]
[Result "1-0"]
[WhiteElo "1673"]
[BlackElo "2253"]
[Annotator "NA"]
[PlyCount "117"]
[EventDate "2018.10.05"]
[EventType "swiss"]
[EventCountry "RUS"]
[SourceTitle "playchess.com"]
[Source "ChessBase"]
[SourceQuality "1"]
[TimeControl "900+10"]

1. c4 {[%emt 0:00:00]} Nf6 {[%emt 0:00:00]} 2. Nc3 {[%emt 0:00:00]} c5 {[%emt 0:00:00]} 3. Nf3 {[%emt 0:00:00]} e6 {[%emt 0:00:00]} 4. e3 {[%emt 0:00:00]} Be7 {[%emt 0:00:02]} 5. Be2 {[%emt 0:00:04]} b6 {[%emt 0:00:05]} 6. O-O {[%emt 0:00:03]} Bb7 {[%emt 0:00:02]} 7. b3 {[%emt 0:00:10]} O-O {[%emt 0:00:07]} 8. Bb2 {[%emt 0:00:01]} d6 {[%emt 0:00:06]} 9. d4 {[%emt 0:00:17]} cxd4 {[%emt 0:00:05]} 10. exd4 {[%emt 0:00:03]} d5 {[%emt 0:00:11]} 11. Rc1 {[%emt 0:03:16]} Nbd7 {[%emt 0:00:14]} 12. Qc2 {[%emt 0:03:52]} Rc8 {[%emt 0:00:10]} 13. cxd5 {[%emt 0:02:40]} Nxd5 {[%emt 0:00:04]} 14. Qd2 {[%emt 0:00:15]} Bb4 {[%emt 0:00:19]} 15. a3 {[%emt 0:01:15]} Nxc3 {[%emt 0:00:10]} 16. Bxc3 {[%emt 0:00:02]} Bxa3 {[%emt 0:01:16]} 17. Ra1 {[%emt 0:00:01]} Bd6 {[%emt 0:00:11]} 18. Rxa7 {[%emt 0:00:18]} Bxf3 {[%emt 0:01:25]} 19. Bxf3 {[%emt 0:00:01]} Rxc3 {[%emt 0:00:05]} 20. Qxc3 {[%emt 0:00:10]} Nf6 {[%emt 0:00:43]} 21. Ra8 {[%emt 0:00:31]} Bb8 {[%emt 0:00:09]} 22. Rc1 {[%emt 0:01:38]} h6 {[%emt 0:00:20]} 23. Kh1 {[%emt 0:00:26]} Nh7 {[%emt 0:01:34]} 24. g3 {[%emt 0:01:42]} Qg5 {[%emt 0:00:07]} 25. Qe3 {[%emt 0:00:30]} Qf6 {[%emt 0:00:20]} 26. d5 {[%emt 0:00:28]} Ng5 {[%emt 0:00:12]} 27. Bg2 {[%emt 0:00:10]} e5 {[%emt 0:00:55]} 28. h4 {[%emt 0:00:35]} Nh7 {[%emt 0:00:02]} 29. Rc6 {[%emt 0:00:04]} Qf5 {[%emt 0:00:03]} 30. Qxb6 {[%emt 0:00:38]} Nf6 {[%emt 0:00:40]} 31. Rxf6 {[%emt 0:00:17]} Qxf6 {[%emt 0:00:28]} 32. Rxb8 {[%emt 0:00:01]} Rxb8 {[%emt 0:00:02]} 33. Qxb8+ {[%emt 0:00:01]} Kh7 {[%emt 0:00:01]} 34. Qa7 {[%emt 0:00:22]} g5 {[%emt 0:00:19]} 35. h5 {[%emt 0:00:29]} Kg7 {[%emt 0:00:14]} 36. Qe3 {[%emt 0:00:06]} Qd6 {[%emt 0:00:21]} 37. b4 {[%emt 0:00:06]} f5 {[%emt 0:00:31]} 38. Qc5 {[%emt 0:00:04]} Qf6 {[%emt 0:00:06]} 39. Qc7+ {[%emt 0:00:09]} Kf8 {[%emt 0:00:15]} 40. Qc8+ {[%emt 0:00:06]} Ke7 {[%emt 0:00:11]} 41. Qc7+ {[%emt 0:00:18]} Kf8 {[%emt 0:00:04]} 42. d6 {[%emt 0:00:02]} Qf7 {[%emt 0:00:31]} 43. d7 {[%emt 0:00:11]} Qxh5+ {[%emt 0:00:02]} 44. Kg1 {[%emt 0:00:07]} Qd1+ {[%emt 0:00:04]} 45. Bf1 {[%emt 0:00:01]} Ke7 {[%emt 0:00:06]} 46. Qxe5+ {[%emt 0:00:06]} Kxd7 {[%emt 0:00:05]} 47. Qxf5+ {[%emt 0:00:02]} Ke7 {[%emt 0:00:19]} 48. Qh7+ {[%emt 0:00:06]} Kf6 {[%emt 0:00:01]} 49. Qxh6+ {[%emt 0:00:02]} Kf5 {[%emt 0:00:07]} 50. Qf8+ {[%emt 0:00:08]} Kg4 {[%emt 0:00:09]} 51. Qc8+ {[%emt 0:00:04]} Kh5 {[%emt 0:00:07]} 52. b5 {[%emt 0:00:18]} Qb1 {[%emt 0:00:14]} 53. Qe8+ {[%emt 0:00:11]} Kh6 {[%emt 0:00:13]} 54. Qe6+ {[%emt 0:00:06]} Kh5 {[%emt 0:00:08]} 55. b6 {[%emt 0:00:02]} g4 {[%emt 0:00:03]} 56. Qf7+ {[%emt 0:00:04]} Kh6 {[%emt 0:00:16]} 57. b7 {[%emt 0:00:03]} Qb6 {[%emt 0:00:15]} 58. Qf8+ {[%emt 0:00:05]} Kh7 {[%emt 0:00:08]} 59. b8=Q {[%emt 0:00:08]} 1-0

[Event "RUS-chT Rapid Men 2018"]
[Site "Sochi"]
[Date "2018.10.08"]
[Round "3"]
[White "Dubov, Daniil"]
[Black "Ponkratov, Pavel"]
[Result "1-0"]
[WhiteElo "2703"]
[BlackElo "2628"]
[Annotator "TA"]
[PlyCount "87"]
[EventDate "2018.10.05"]
[EventType "swiss"]
[EventCountry "RUS"]
[SourceTitle "playchess.com"]
[Source "ChessBase"]
[SourceQuality "1"]

{[%evp 13,87,4,83,79,77,77,95,88,109,104,100,75,107,-14,120,112,109,114,144,147,160,115,111,128,94,71,83,51,136,150,133,133,168,161,208,175,211,185,205,207,195,194,177,184,182,166,282,197,163,119,275,290,411,407,555,559,551,554,554,536,507,477,597,622,602,629,877,875,1003,987,1011,1024,1050,646,1071,1047]} 1. d4 Nf6 2. c4 e6 3. Nf3 b6 4. g3 Bb7 5. Bg2 Be7 6. O-O O-O 7. d5 Qc8 {LiveBook: 4 Games. E17: Queen's Indian: 4 g3 Bb7 5 Bg2 Be7} (7... exd5 $11 8. Nh4 c6) 8. Nd4 $146 ({Predecessor:} 8. Nc3 Bb4 9. Bd2 c6 10. Nd4 Bxc3 11. Bxc3 Na6 12. e4 cxd5 13. cxd5 Nc5 14. Re1 a5 15. Nb3 {1-0 (36) Quintiliano Pinto,R (2443)-Delgado Ramirez,N (2615) Barreirinhas 2015}) 8... c5 9. Nc2 exd5 {White is better.} 10. cxd5 b5 11. e4 d6 12. Ne3 Re8 13. b3 ({White should try} 13. a4 $16) 13... Nbd7 (13... Nxe4 $1 $11 {keeps the balance.} 14. Bxe4 Bf6) 14. Bb2 Bf8 15. Nd2 a5 16. a4 $1 {[%cal Ra4b5]} bxa4 17. bxa4 Ba6 18. Re1 Rb8 19. Bc3 Ne5 20. Bxe5 ({Of course not} 20. Bxa5 Nd3 $11) 20... Rxe5 {[#]} ({Better is} 20... dxe5 $14 21. Bf1 Rb4) 21. Nec4 $1 {[%cal Be3c4,Bc4a5,Ba5c6][%mdl 32]} Re8 22. Nxa5 g6 23. Nc6 Ra8 24. Qc2 Bg7 25. Rab1 Qc7 26. a5 Nd7 {[#]} 27. Bf1 $1 Bb7 28. Rxb7 Qxb7 29. Rb1 Qc8 (29... Qc7 $142) 30. Nc4 Qc7 31. f4 h5 $2 (31... Bd4+ $16 32. Kg2 Nb8) 32. Bg2 $18 Ra6 {[#]} (32... Bd4+ {was necessary.} 33. Kh1 Ra6) 33. e5 $1 {[%mdl 512]} dxe5 34. d6 {White is clearly winning.} Qc8 35. Ne7+ Rxe7 36. dxe7 Qe8 37. Bb7 Ra7 38. Nd6 Qxe7 39. Nc8 {[%cal Bd6c8,Bc8a7,Ba7c6][%mdl 32]} Qe6 {And now ...Rxb7! would win.} 40. Bd5 Qg4 41. Nxa7 exf4 42. Nc6 fxg3 43. Qxg6 gxh2+ 44. Kh1 {Precision: White = 72%, Black = 31%.} 1-0

[Event "RUS-chT Rapid Men 2018"]
[Site "Sochi"]
[Date "2018.10.08"]
[Round "3"]
[White "Kamsky, Gata"]
[Black "Alekseev, Evgeny"]
[Result "1/2-1/2"]
[WhiteElo "2666"]
[BlackElo "2620"]
[Annotator "TA"]
[PlyCount "75"]
[EventDate "2018.10.05"]
[EventType "swiss"]
[EventCountry "RUS"]
[SourceTitle "playchess.com"]
[Source "ChessBase"]
[SourceQuality "1"]

{[%evp 14,75,0,-3,6,17,88,92,97,0,0,-11,0,0,0,-15,0,-5,0,-13,0,-5,-5,0,0,-3,-11,-3,40,29,22,0,11,0,0,-7,-20,-16,-5,-47,-44,-56,-21,-61,1,-20,0,-123,-109,-108,-95,-94,-103,-103,-91,-126,-111,-111,-126,-127,-126,-128,-91,-111]} 1. e4 c5 2. Nf3 e6 3. c3 d5 4. exd5 Qxd5 5. d4 Nf6 6. Bd3 Be7 7. O-O O-O 8. Bg5 {LiveBook: 8 Games} Nbd7 {B22: Sicilian: 2 c3} (8... h6 $5 {[%cal Rh6g5]} 9. Bxf6 Bxf6 $11) 9. Re1 b6 (9... a6 $11) 10. c4 $16 Qd6 {White is better.} 11. Nc3 $146 ({Better is} 11. d5 $1 $16) ({Predecessor:} 11. d5 exd5 12. cxd5 Bb7 13. Nc3 Rae8 14. Bc4 {1-0 (41) Rosin,F (2161)-Farago,I (2467) Lugano 2000}) 11... cxd4 $11 12. Nb5 Qc5 13. Nbxd4 Bb7 14. Qe2 Rfe8 15. Rad1 Bf8 16. Bc2 Ba6 17. b3 {[%cal Bb2b3,Bb3b4][%mdl 32]} Bb7 18. Bc1 a6 19. a3 Rac8 20. Bb2 g6 21. b4 Qc7 22. Ba4 Bg7 23. Nb3 Red8 24. Bxd7 Nxd7 25. Bxg7 Kxg7 26. Rd4 e5 27. Rh4 Re8 28. Qe3 {[#] aiming for Qh6+.} Kg8 (28... h5 $15) 29. Qh6 Nf8 $1 30. Nbd2 (30. c5 $1 $11) 30... f6 {Black is better.} 31. Ne4 Qe7 32. c5 {[#]} Bxe4 $1 33. Rhxe4 bxc5 34. bxc5 Rxc5 35. h4 Ne6 36. Qe3 Rec8 37. h5 g5 38. h6 {Precision: White = 54%, Black = 49%.} 1/2-1/2

[Event "RUS-chT Rapid Men 2018"]
[Site "Sochi"]
[Date "2018.10.08"]
[Round "3"]
[White "Malakhov, Vladimir"]
[Black "Nepomniachtchi, Ian"]
[Result "1/2-1/2"]
[WhiteElo "2661"]
[BlackElo "2759"]
[Annotator "TA"]
[PlyCount "130"]
[EventDate "2018.10.05"]
[EventType "swiss"]
[EventCountry "RUS"]
[SourceTitle "playchess.com"]
[Source "ChessBase"]
[SourceQuality "1"]

{[%evp 14,130,27,28,47,34,38,22,56,41,61,44,56,-3,26,21,29,2,8,0,0,-3,38,28,40,28,37,36,48,10,18,4,3,4,8,1,8,4,13,0,2,0,0,0,0,0,0,0,0,0,0,0,0,0,0,0,0,0,0,0,0,0,0,0,0,0,0,0,0,0,0,0,0,0,0,0,0,0,0,0,0,0,0,0,0,0,0,0,0,0,0,0,0,0,0,0,0,0,0,0,0,0,0,0,0,0,0,0,0,0,0,0,0,0,0,0,0,0,0]} 1. Nf3 c5 2. c4 Nc6 3. d4 cxd4 4. Nxd4 Nf6 5. Nc3 e6 6. a3 Bc5 7. Nb3 Be7 8. e4 b6 {A33: Symmetrical English: 2 Nf3 Nf6 3 d4 cxd4 4 Nxd4 e6 5 Nc3 Nc6} (8... O-O 9. Be2 b6 10. O-O Bb7 11. Be3 d6 12. Nd4 Ne5 13. f4 Ned7 14. Bf3 Qc7 15. Qe2 Rac8 16. Rac1 Qb8 17. g4 Qa8 18. Bf2 g6 19. g5 {1-0 (88) Timofeev,A (2583)-Sjugirov,S (2663) Yaroslavl 2018}) 9. Be2 Bb7 10. O-O Qc7 11. Be3 O-O 12. Rc1 Rad8 13. c5 $146 ({White should play} 13. f4 $14) ({Predecessor:} 13. f4 Qb8 14. Bf3 d6 15. Kh1 {1-0 (58) Roeder,M (2422)-Maenhout,T (2344) Belgium 2015}) 13... Ba8 14. cxb6 axb6 15. Nd4 Qb8 16. Ndb5 d5 17. exd5 exd5 {[#] ...d4! is the strong threat.} 18. Nd4 Nxd4 19. Bxd4 Ne4 20. Nb5 Nc5 21. Re1 {White wants to play Bf1.} Ne6 $1 {The position is equal.} 22. Bf3 Nxd4 23. Nxd4 Bf6 24. Qd2 Qd6 25. g3 g6 26. b4 Rc8 27. Rxc8 Rxc8 28. Rd1 Qe5 29. Kg2 Bb7 30. h4 h5 31. Ne2 Ra8 32. Nf4 Rxa3 33. Bxd5 Bxd5+ 34. Qxd5 Kg7 35. Qxe5 Bxe5 $11 {[%mdl 4096] Endgame KRB-KRN} 36. Nd5 b5 37. Ne3 Bc3 38. Rd5 Ra2 {next ...Be1 is good for Black.} 39. Kf1 ({But not} 39. Rxb5 Be1 $17) 39... Ra1+ 40. Kg2 Ra2 {With the idea ...Be1.} 41. Kf1 ({Reject} 41. Rxb5 Be1 $17) 41... Bxb4 42. Rxb5 Bc3 43. Rd5 Kf6 44. Rd3 Be5 45. Nc4 Bb8 46. Rd2 Ra4 47. Nb6 Ra1+ 48. Kg2 {[#] Strongly threatening Nd7+.} Ba7 49. Nd5+ Ke5 50. Nf4 Ra5 51. Rd7 Kf6 52. Rd2 Bb8 53. Nh3 Ke7 54. Re2+ Kf8 55. Rd2 {Threatens to win with Rd8+.} Ba7 56. Ng5 Rf5 57. Ra2 Bc5 58. f4 Rd5 59. Rb2 Rd7 60. Nf3 Kg7 61. Rb5 Rc7 62. Rb2 Kf6 63. Rc2 Bd6 64. Rxc7 Bxc7 65. Ng5 Ba5 {Precision: White = 72%, Black = 64%.} 1/2-1/2